ბათუმის შოთა რუსთაველის სახელმწიფო უნივერსიტეტის ბიბლიოთეკა

Бурение скважин и добыча нефти и газа.Том 3. Международный нефтяной конгресс. (ბიბ.ჩანაწერი № 40631)

000 -LEADER
fixed length control field 00681nam a2200181Ia 4500
001 - CONTROL NUMBER
control field 7259
003 - CONTROL NUMBER IDENTIFIER
control field GE_BSU
008 - FIXED-LENGTH DATA ELEMENTS--GENERAL INFORMATION
fixed length control field 181216s||||||||xx |||||||||||||| ||und||
040 ## - CATALOGING SOURCE
Transcribing agency GE_BSU
080 ## - UNIVERSAL DECIMAL CLASSIFICATION NUMBER
Universal Decimal Classification number 622.276.522
245 ## - TITLE STATEMENT
Title Бурение скважин и добыча нефти и газа.Том 3. Международный нефтяной конгресс.
245 ## - TITLE STATEMENT
Statement of responsibility, etc. Вед.ред.: Ю.К.Бекман, А.А.Ковалева, А.А.Никитенко и др.
260 ## - PUBLICATION, DISTRIBUTION, ETC.
Name of publisher, distributor, etc. Гостоптехиздат.
260 ## - PUBLICATION, DISTRIBUTION, ETC.
Date of publication, distribution, etc. 1956.
300 ## - PHYSICAL DESCRIPTION
Extent 470стр. с илл. 27см.
653 ## - INDEX TERM--UNCONTROLLED
Uncontrolled term Бурение скважин и добыча нефти и газа.
942 ## - ADDED ENTRY ELEMENTS (KOHA)
Koha item type წიგნი
ეგზემპლარები
Withdrawn status Lost status Damaged status Not for loan Date acquired Barcode Date last seen Price effective from Koha item type
        2018-12-17 10190 2018-12-17 2018-12-17 წიგნი